<?xml version="1.0" encoding="UTF-8"?><?xml-stylesheet type="text/xsl" href="static/style.xsl"?><OAI-PMH xmlns="http://www.openarchives.org/OAI/2.0/" xmlns:xsi="http://www.w3.org/2001/XMLSchema-instance" xsi:schemaLocation="http://www.openarchives.org/OAI/2.0/ http://www.openarchives.org/OAI/2.0/OAI-PMH.xsd"><responseDate>2026-04-13T15:07:56Z</responseDate><request verb="GetRecord" identifier="oai:www.recercat.cat:2072/420678" metadataPrefix="marc">https://recercat.cat/oai/request</request><GetRecord><record><header><identifier>oai:recercat.cat:2072/420678</identifier><datestamp>2025-05-16T20:06:10Z</datestamp><setSpec>com_2072_98</setSpec><setSpec>col_2072_378196</setSpec></header><metadata><record xmlns="http://www.loc.gov/MARC21/slim" xmlns:dcterms="http://purl.org/dc/terms/" xmlns:xsi="http://www.w3.org/2001/XMLSchema-instance" xmlns:doc="http://www.lyncode.com/xoai" xsi:schemaLocation="http://www.loc.gov/MARC21/slim http://www.loc.gov/standards/marcxml/schema/MARC21slim.xsd">
   <leader>00925njm 22002777a 4500</leader>
   <datafield ind2=" " ind1=" " tag="042">
      <subfield code="a">dc</subfield>
   </datafield>
   <datafield ind2=" " ind1=" " tag="720">
      <subfield code="a">Castillo Sánchez, Miguel</subfield>
      <subfield code="e">author</subfield>
   </datafield>
   <datafield ind2=" " ind1=" " tag="720">
      <subfield code="a">Universitat Autònoma de Barcelona. Departament de Medicina</subfield>
      <subfield code="e">author</subfield>
   </datafield>
   <datafield ind2=" " ind1=" " tag="720">
      <subfield code="a">Universitat Autònoma de Barcelona. Facultat de Medicina</subfield>
      <subfield code="e">author</subfield>
   </datafield>
   <datafield ind2=" " ind1=" " tag="260">
      <subfield code="c">2012</subfield>
   </datafield>
   <datafield ind2=" " ind1=" " tag="520">
      <subfield code="a">Los psicóticos presentan mayor riesgo cardiovascular y peor control de sus factores de reisgo según la bibliografía. Se presenta un estudio de casos y control para comparar psicóticos vs no psicóticos atendidos en un centro de atención primaria durante 2010. El tabaquismo es más prevalente y más frecuentemente interrogado en psicóticos, y el índice de masa corporal más medido en no-psicóticos, aunque no hay otras diferencias significativas en el registro y control de factores de riesgo cardiovascular, por lo que no se puede concluir que la psicosis y su tratamiento supongan un riesgo cardiovascular aumentado.</subfield>
   </datafield>
   <datafield ind2=" " ind1=" " tag="520">
      <subfield code="a">Els pacients psicòtics presenten major risc cardiovascular i pitjor control dels seus factors de risc segons la bibliografia. Es presenta un estudi de casos i controls per comparar psicòtics vs no psicòtics atesos en un centre d'atenció primària durant el 2010. El tabaquisme és més prevalent i més freqüentment interrogat en psicòtics i l'índex de massa corporal més mesurat en no-psicòtics, tot i que no hi ha altres diferències significatives en el registre i control de factors de risc cardiovascular. Per aquest motiu no es pot concloure que la psicosi i el seu tractament suposin un risc cardiovascular augmentat.</subfield>
   </datafield>
   <datafield tag="653" ind2=" " ind1=" ">
      <subfield code="a">Psicòsi, Cor-Malalties</subfield>
   </datafield>
   <datafield ind2="0" ind1="0" tag="245">
      <subfield code="a">Estudio del riesgo cardiovascular y su manejo en pacientes psicóticos atendidos en 2010 en el centro de atención primaria Raval Sud</subfield>
   </datafield>
</record></metadata></record></GetRecord></OAI-PMH>